Land Registry house price index (Record no. 114095)

MARC details
000 -LEADER
fixed length control field 01188cad a22002175a 4500
001 - CONTROL NUMBER
control field L156197
008 - FIXED-LENGTH DATA ELEMENTS--GENERAL INFORMATION
fixed length control field 120503e20120501xxk 000 0 eng u
035 ## - SYSTEM CONTROL NUMBER
System control number (Sirsi) u156197
041 0# - LANGUAGE CODE
Language code of text/sound track or separate title eng
110 2# - MAIN ENTRY--CORPORATE NAME
Corporate name or jurisdiction name as entry element United Kingdom
Subordinate unit Land Registry
9 (RLIN) 4774
245 00 - TITLE STATEMENT
Title Land Registry house price index
Remainder of title March 2012
Medium [electronic resource]
260 ## - PUBLICATION, DISTRIBUTION, ETC.
Place of publication, distribution, etc. London
Name of publisher, distributor, etc. Land Registry
Date of publication, distribution, etc. 2012
490 #0 - SERIES STATEMENT
Series statement Land Registry House Price Index
Volume/sequential designation March 2012
520 ## - SUMMARY, ETC.
Summary, etc. House prices decreased in February 2012 by 0.6% but fell by 0.6% since February 2011. The average house price is £160 372. Prices fell across all regions including London and South East apart from North East. The number of property transactions has increased over the last year. In October 2010 to January 2011, there was an average of 52 363. Between October 2011 and January 2012, the average sales per month were 55 661.
590 ## - LOCAL NOTE (RLIN)
Local note KA NTK
650 24 - SUBJECT ADDED ENTRY--TOPICAL TERM
Topical term or geographic name entry element LAND REGISTRY HOUSE PRICE INDEX
651 #4 - SUBJECT ADDED ENTRY--GEOGRAPHIC NAME
Geographic name England and Wales
Chronological subdivision 1543-
690 ## - LOCAL SUBJECT ADDED ENTRY--TOPICAL TERM (OCLC, RLIN)
Topical term or geographic name as entry element Residential property
9 (RLIN) 6266
856 40 - ELECTRONIC LOCATION AND ACCESS
Uniform Resource Identifier <a href="https://www.landregistry.gov.uk/__data/assets/pdf_file/0018/6552/HPI-Mar-12.pdf">https://www.landregistry.gov.uk/__data/assets/pdf_file/0018/6552/HPI-Mar-12.pdf</a>
Public note View the report free of charge at www.landreg.gov.uk
942 ## - ADDED ENTRY ELEMENTS (KOHA)
Suppress in OPAC 0
Holdings
Withdrawn status Lost status Source of classification or shelving scheme Damaged status Not for loan Home library Current library Shelving location Date acquired Total Checkouts Full call number Barcode Date last seen Copy number Price effective from Koha item type
    Dewey Decimal Classification     Virtual Virtual Online 03/05/2012   ONLINE PUBLICATION 156197-2001 06/08/2019 1 06/08/2019 Book